Construction: the third way managing co-operation and competition in construction (Record no. 100432)
[ view plain ]
| 000 -LEADER | |
|---|---|
| fixed length control field | 00975cam a2200241 4500 |
| 008 - FIXED-LENGTH DATA ELEMENTS--GENERAL INFORMATION | |
| fixed length control field | 000000n2000 000 0 eng u |
| 020 ## - INTERNATIONAL STANDARD BOOK NUMBER | |
| International Standard Book Number | 0750630930 |
| 035 ## - SYSTEM CONTROL NUMBER | |
| System control number | (Sirsi) u105594 |
| 050 ## - LIBRARY OF CONGRESS CALL NUMBER | |
| Classification number | 658.99 |
| 100 ## - MAIN ENTRY--PERSONAL NAME | |
| Personal name | Bennett, John |
| 245 ## - TITLE STATEMENT | |
| Title | Construction: the third way managing co-operation and competition in construction |
| 260 ## - PUBLICATION, DISTRIBUTION, ETC. | |
| Place of publication, distribution, etc. | Oxford |
| Name of publisher, distributor, etc. | Butterworth-Heinemann |
| Date of publication, distribution, etc. | 2000 |
| 300 ## - PHYSICAL DESCRIPTION | |
| Extent | xi, 180p. ; 25cm. |
| 350 ## - PRICE (NR) (BK AM CF MU VM SE) [OBSOLETE] | |
| Price | 19.99 |
| 520 ## - SUMMARY, ETC. | |
| Summary, etc. | Construction - The Third Way describes current best practice in managing construction. It is based on case studies of leading practices responding to the demand from customers that construction match the value and quality that international competition forces them to achieve in their own businesses. |
| 650 ## - SUBJECT ADDED ENTRY--TOPICAL TERM | |
| Topical term or geographic name entry element | BEST PRACTICE |
| 650 ## - SUBJECT ADDED ENTRY--TOPICAL TERM | |
| Topical term or geographic name entry element | MANAGEMENT |
| 650 ## - SUBJECT ADDED ENTRY--TOPICAL TERM | |
| Topical term or geographic name entry element | BENCHMARKING |
| 650 ## - SUBJECT ADDED ENTRY--TOPICAL TERM | |
| Topical term or geographic name entry element | MANAGEMENT-PROJECT MANAGEMENT |
| 650 ## - SUBJECT ADDED ENTRY--TOPICAL TERM | |
| Topical term or geographic name entry element | PARTNERING |
| 690 ## - LOCAL SUBJECT ADDED ENTRY--TOPICAL TERM (OCLC, RLIN) | |
| Topical term or geographic name as entry element | BUILDING AND CONSTRUCTION-MANAGEMENT |
| 942 ## - ADDED ENTRY ELEMENTS (KOHA) | |
| Suppress in OPAC | 0 |
| Withdrawn status | Lost status | Source of classification or shelving scheme | Damaged status | Not for loan | Home library | Current library | Shelving location | Date acquired | Cost, normal purchase price | Total Checkouts | Full call number | Barcode | Date last seen | Date last checked out | Copy number | Cost, replacement price | Price effective from | Koha item type |
|---|---|---|---|---|---|---|---|---|---|---|---|---|---|---|---|---|---|---|
| Dewey Decimal Classification | London | London | Books | 22/05/2001 | 19.99 | 30 | 658.99 BEN | 30064295 | 06/08/2019 | 22/12/2009 | 2 | 19.99 | 06/08/2019 | Book |